<?xml version="1.0" encoding="UTF-8"?>
<record
    xmlns:xsi="http://www.w3.org/2001/XMLSchema-instance"
    xsi:schemaLocation="http://www.loc.gov/MARC21/slim http://www.loc.gov/standards/marcxml/schema/MARC21slim.xsd"
    xmlns="http://www.loc.gov/MARC21/slim">

  <leader>03492cam a2200493 i 4500</leader>
  <controlfield tag="001">19573975</controlfield>
  <controlfield tag="003">OSt</controlfield>
  <controlfield tag="005">20250725113918.0</controlfield>
  <controlfield tag="008">170328s2018    mnu      b    000 p eng c</controlfield>
  <datafield tag="010" ind1=" " ind2=" ">
    <subfield code="a">  2017938013</subfield>
  </datafield>
  <datafield tag="020" ind1=" " ind2=" ">
    <subfield code="a">9781555978020 (softcover)</subfield>
  </datafield>
  <datafield tag="020" ind1=" " ind2=" ">
    <subfield code="a">1555978029 (softcover)</subfield>
  </datafield>
  <datafield tag="024" ind1="8" ind2=" ">
    <subfield code="a">99976497190</subfield>
  </datafield>
  <datafield tag="035" ind1=" " ind2=" ">
    <subfield code="a">(OCoLC)on1021230553</subfield>
  </datafield>
  <datafield tag="040" ind1=" " ind2=" ">
    <subfield code="a">TOH</subfield>
    <subfield code="b">eng</subfield>
    <subfield code="c">TOH</subfield>
    <subfield code="e">rda</subfield>
    <subfield code="d">POETS</subfield>
    <subfield code="d">GZD</subfield>
    <subfield code="d">YDX</subfield>
    <subfield code="d">BDX</subfield>
    <subfield code="d">CLE</subfield>
    <subfield code="d">NYP</subfield>
    <subfield code="d">UAB</subfield>
    <subfield code="d">EAU</subfield>
    <subfield code="d">TOH</subfield>
    <subfield code="d">OCLCO</subfield>
    <subfield code="d">WLU</subfield>
    <subfield code="d">EYM</subfield>
    <subfield code="d">JTH</subfield>
    <subfield code="d">IAY</subfield>
    <subfield code="d">IPU</subfield>
    <subfield code="d">OBE</subfield>
    <subfield code="d">OCLCF</subfield>
    <subfield code="d">DLC</subfield>
  </datafield>
  <datafield tag="042" ind1=" " ind2=" ">
    <subfield code="a">pcc</subfield>
  </datafield>
  <datafield tag="050" ind1="0" ind2="0">
    <subfield code="a">PS3624.I4</subfield>
    <subfield code="b">A6 2018</subfield>
  </datafield>
  <datafield tag="100" ind1=" " ind2=" ">
    <subfield code="a">Xie, Jenny</subfield>
    <subfield code="e">author</subfield>
    <subfield code="9">2</subfield>
  </datafield>
  <datafield tag="240" ind1="1" ind2="0">
    <subfield code="a">Poems.</subfield>
    <subfield code="k">Selections</subfield>
  </datafield>
  <datafield tag="245" ind1="1" ind2="0">
    <subfield code="a">Eye level :</subfield>
    <subfield code="b">poems /</subfield>
    <subfield code="c">Jenny Xie.</subfield>
  </datafield>
  <datafield tag="264" ind1=" " ind2="1">
    <subfield code="a">Minneapolis, Minnesota :</subfield>
    <subfield code="b">Graywolf Press,</subfield>
    <subfield code="c">[2018]</subfield>
  </datafield>
  <datafield tag="300" ind1=" " ind2=" ">
    <subfield code="a">79 pages ;</subfield>
    <subfield code="c">23 cm</subfield>
  </datafield>
  <datafield tag="336" ind1=" " ind2=" ">
    <subfield code="a">text</subfield>
    <subfield code="b">txt</subfield>
    <subfield code="2">rdacontent</subfield>
  </datafield>
  <datafield tag="337" ind1=" " ind2=" ">
    <subfield code="a">unmediated</subfield>
    <subfield code="b">n</subfield>
    <subfield code="2">rdamedia</subfield>
  </datafield>
  <datafield tag="338" ind1=" " ind2=" ">
    <subfield code="a">volume</subfield>
    <subfield code="b">nc</subfield>
    <subfield code="2">rdacarrier</subfield>
  </datafield>
  <datafield tag="505" ind1="0" ind2="0">
    <subfield code="t">Rootless --</subfield>
    <subfield code="t">Unspoiled fictions --</subfield>
    <subfield code="t">Phnom Penh Diptych : wet season --</subfield>
    <subfield code="t">Phnom Penh Diptych : dry season --</subfield>
    <subfield code="t">Corfu --</subfield>
    <subfield code="t">Displacement --</subfield>
    <subfield code="t">Fortified --</subfield>
    <subfield code="t">Epistle --</subfield>
    <subfield code="t">Old wives' tales on which I was fed --</subfield>
    <subfield code="t">Solitude study --</subfield>
    <subfield code="t">Zuihitsu --</subfield>
    <subfield code="t">Alike, yet not quite --</subfield>
    <subfield code="t">Lunar New Year, 1988 --</subfield>
    <subfield code="t">Metamorphosis --</subfield>
    <subfield code="t">Naturalization --</subfield>
    <subfield code="t">Lineage --</subfield>
    <subfield code="t">Chinatown Diptych --</subfield>
    <subfield code="t">Origin story --</subfield>
    <subfield code="t">Captivity --</subfield>
    <subfield code="t">Private property --</subfield>
    <subfield code="t">Invisible relations --</subfield>
    <subfield code="t">Bildungsroman --</subfield>
    <subfield code="t">Visual orders --</subfield>
    <subfield code="t">Borderless --</subfield>
    <subfield code="t">No animal --</subfield>
    <subfield code="t">Melancholia --</subfield>
    <subfield code="t">Inwardly --</subfield>
    <subfield code="t">Square cells --</subfield>
    <subfield code="t">Tending --</subfield>
    <subfield code="t">Exit, Eve --</subfield>
    <subfield code="t">Hardwired --</subfield>
    <subfield code="t">The hunt --</subfield>
    <subfield code="t">Zazen --</subfield>
    <subfield code="t">To be a good Buddhist is ensnarement --</subfield>
    <subfield code="t">Margins --</subfield>
    <subfield code="t">D&#xE9;j&#xE0; vu --</subfield>
    <subfield code="t">Letters to Du Fu --</subfield>
    <subfield code="t">Exile --</subfield>
    <subfield code="t">A slow way --</subfield>
    <subfield code="t">Ongoing --</subfield>
    <subfield code="t">Long nights --</subfield>
    <subfield code="t">Notes.</subfield>
  </datafield>
  <datafield tag="520" ind1=" " ind2=" ">
    <subfield code="a">"Jenny Xie's award-winning debut, Eye Level, takes us far and near, to Phnom Penh, Corfu, Hanoi, New York, and elsewhere, as we travel closer and closer to the acutely felt solitude that centers this searching, moving collection. Animated by a restless inner questioning, these poems meditate on the forces that moor the self and set it in motion, from immigration to travel to estranging losses and departures. The sensual worlds here--colors, smells, tastes, and changing landscapes--bring to life questions about the self as seer and the self as seen. As Xie writes, "Me? I'm just here in my traveler's clothes, trying on each passing town for size." Her taut, elusive poems exult in a life simultaneously crowded and quiet, caught in between things and places, and never quite entirely at home. Xie is a poet of extraordinary perception--both to the tangible world and to "all that is untouchable as far as the eye can reach.""--Amazon.com.</subfield>
  </datafield>
  <datafield tag="586" ind1=" " ind2=" ">
    <subfield code="a">Walt Whitman Award of the Academy of American Poets, 2017.</subfield>
  </datafield>
  <datafield tag="648" ind1=" " ind2="7">
    <subfield code="a">2000-2099</subfield>
    <subfield code="2">fast</subfield>
  </datafield>
  <datafield tag="650" ind1=" " ind2="0">
    <subfield code="a">Identity (Psychology)</subfield>
    <subfield code="v">Poetry.</subfield>
  </datafield>
  <datafield tag="650" ind1=" " ind2="0">
    <subfield code="a">Travel</subfield>
    <subfield code="v">Poetry.</subfield>
  </datafield>
  <datafield tag="650" ind1=" " ind2="0">
    <subfield code="a">American poetry</subfield>
    <subfield code="y">21st century.</subfield>
    <subfield code="9">3</subfield>
  </datafield>
  <datafield tag="650" ind1=" " ind2="0">
    <subfield code="a">American poetry</subfield>
    <subfield code="x">Asian American authors</subfield>
    <subfield code="y">21st century.</subfield>
  </datafield>
  <datafield tag="650" ind1=" " ind2="7">
    <subfield code="a">American poetry.</subfield>
    <subfield code="2">fast</subfield>
    <subfield code="0">(OCoLC)fst00807348</subfield>
  </datafield>
  <datafield tag="650" ind1=" " ind2="7">
    <subfield code="a">American poetry</subfield>
    <subfield code="x">Asian American authors.</subfield>
    <subfield code="2">fast</subfield>
    <subfield code="0">(OCoLC)fst00807354</subfield>
  </datafield>
  <datafield tag="650" ind1=" " ind2="7">
    <subfield code="a">Identity (Psychology)</subfield>
    <subfield code="2">fast</subfield>
    <subfield code="0">(OCoLC)fst00966892</subfield>
  </datafield>
  <datafield tag="650" ind1=" " ind2="7">
    <subfield code="a">Travel.</subfield>
    <subfield code="2">fast</subfield>
    <subfield code="0">(OCoLC)fst01155558</subfield>
  </datafield>
  <datafield tag="655" ind1=" " ind2="7">
    <subfield code="a">Poetry.</subfield>
    <subfield code="2">fast</subfield>
    <subfield code="0">(OCoLC)fst01423828</subfield>
  </datafield>
  <datafield tag="655" ind1=" " ind2="7">
    <subfield code="a">Poetry.</subfield>
    <subfield code="2">lcgft</subfield>
  </datafield>
  <datafield tag="906" ind1=" " ind2=" ">
    <subfield code="a">7</subfield>
    <subfield code="b">cbc</subfield>
    <subfield code="c">pccadap</subfield>
    <subfield code="d">2</subfield>
    <subfield code="e">ncip</subfield>
    <subfield code="f">20</subfield>
    <subfield code="g">y-gencatlg</subfield>
  </datafield>
  <datafield tag="942" ind1=" " ind2=" ">
    <subfield code="2">ddc</subfield>
    <subfield code="c">BK</subfield>
    <subfield code="n">0</subfield>
  </datafield>
  <datafield tag="999" ind1=" " ind2=" ">
    <subfield code="c">2</subfield>
    <subfield code="d">2</subfield>
  </datafield>
  <datafield tag="952" ind1=" " ind2=" ">
    <subfield code="0">0</subfield>
    <subfield code="1">0</subfield>
    <subfield code="2">ddc</subfield>
    <subfield code="4">0</subfield>
    <subfield code="7">0</subfield>
    <subfield code="a">CPL</subfield>
    <subfield code="b">CPL</subfield>
    <subfield code="d">2025-06-03</subfield>
    <subfield code="l">2</subfield>
    <subfield code="m">4</subfield>
    <subfield code="p">0001</subfield>
    <subfield code="q">2025-08-12</subfield>
    <subfield code="r">2025-06-03 10:14:23</subfield>
    <subfield code="s">2025-06-03</subfield>
    <subfield code="w">2025-06-03</subfield>
    <subfield code="y">BK</subfield>
  </datafield>
</record>
